Cyclisme : Classement vainqueurs de classiques WT (coureurs actifs) - Statistiques

Statistiques générales
  • Ce quiz a été pris 327 fois
    118 depuis la dernière actualisation
  • Le résultat moyen est 21 sur 59
Statistiques - réponses
Pos Nationalité Coureur Victoire Second Troisieme % Correct
1 Slovénie Tadej Pogacar 20 3 6
99%
2 Pays-Bas Mathieu Van der Poel 15 4 6
98%
3 France Julian Alaphilippe 9 9 2
91%
4 Belgique Wout Van Aert 8 9 9
89%
5 Belgique Remco Evenepoel 7 3 1
86%
8 Danemark Mads Pedersen 5 3 3
74%
6 Pologne Michal Kwiatkowski 7 1 4
69%
31 Slovénie Primoz Roglic 1 1 1
62%
10 Belgique Jasper Philipsen 4 3 1
57%
30 Erythrée Biniam Girmay 1 1 2
55%
14 France Christophe Laporte 2 4 2
55%
7 Australie Michael Matthews 6 5 8
53%
45 Equateur Richard Carapaz 1 - -
51%
36 Slovénie Matej Mohoric 1 1 -
49%
23 Belgique Jasper Stuyven 2 1 1
46%
11 Suisse Marc Hirschi 3 2 2
46%
15 Royaume-Uni Thomas Pidcock 2 3 3
43%
28 Belgique Tim Merlier 1 2 2
43%
12 Pays-Bas Dylan Van Baarle 3 2 -
41%
42 Luxembourg Bob Jungels 1 - 1
39%
9 Allemagne John Degenkolb 4 5 1
38%
17 France Benoit Cosnefroy 2 2 -
36%
38 Danemark Mattias Skjelmose 1 1 -
36%
21 Danemark Kasper Asgreen 2 1 1
34%
24 Irlande Sam Bennett 2 1 -
34%
29 France Valentin Madouas 1 2 1
34%
22 Royaume-Uni Adam Yates 2 1 1
32%
19 Belgique Arnaud De Lie 2 2 -
30%
16 Pays-Bas Bauke Mollema 2 2 1
29%
39 Belgique Tim Wellens 1 - 4
29%
55 Suisse Mauro Schmid 1 - -
28%
26 Etats-Unis Nelson Powless 2 - 1
28%
33 Pays-Bas Dylan Groenewegen 1 1 1
26%
58 Etats-Unis Brandon McNulty 1 - -
25%
54 Etats-Unis Matteo Jorgenson 1 - -
25%
32 Italie Giulio Ciccone 1 1 1
24%
18 Danemark Michael Valgren 2 2 1
24%
27 Belgique Tiesj Benoot 1 2 5
23%
49 Slovénie Jan Tratnik 1 - -
22%
35 Italie Alberto Bettiol 1 1 1
21%
46 Pays-Bas Wout Poels 1 - -
21%
50 Norvège Soren Waerenskjold 1 - -
20%
13 Belgique Yves Lampaert 3 1 2
20%
43 Danemark Soren Kragh Andersen 1 - 1
18%
56 Colombie Juan Sebastian Molano 1 - -
17%
37 Nouvelle-Zélande Laurence Pithie 1 1 -
17%
34 Pays-Bas Olav Kooij 1 1 1
17%
41 Belgique Dylan Teuns 1 - 2
16%
20 Belgique Oliver Naesen 2 1 3
16%
44 Belgique Jordi Meeus 1 - 1
14%
51 Autriche Marco Haller 1 - -
14%
59 Danemark Tobias Lund Andresen 1 - -
14%
25 Allemagne Pascal Ackermann 2 - 1
13%
47 Royaume-Uni Stephen Williams 1 - -
13%
48 Italie Davide Ballerini 1 - -
11%
40 Belgique Maxim Van Gils 1 - 3
11%
57 Irlande Rory Townsend 1 - -
10%
53 Allemagne Marius Mayrhoffer 1 - -
5%
52 Allemagne Nikias Arndt 1 - -
2%
Aucun quiz correspondant
Distribution des résultats
% des personnes avec chaque résultat
Percentile par nombre de réponses
Votre historique - résultats
Vous n’avez pas pris ce quiz depuis la dernière actualisation